| 000 | 00535nam a2200205Ia 4500 | ||
|---|---|---|---|
| 001 | 13972 | ||
| 003 | GE_BSU | ||
| 008 | 181216s||||||||xx |||||||||||||| ||und|| | ||
| 020 | _a9781407503424 | ||
| 040 | _cGE_BSU | ||
| 080 | _a821.111-31 | ||
| 100 | _aGrace,N.B. | ||
| 245 | _aHigh school musical.stories from east high:1 battle of the bands. | ||
| 260 | _aNew York. | ||
| 260 | _bParragon. | ||
| 260 | _c2007 | ||
| 300 | _a142p;18cm. | ||
| 653 | _aHigh school musical.stories from east high:1 battle of the bands. | ||
| 942 | _cBK | ||
| 999 |
_c47114 _d47114 |
||